A comprehensive view of Romans / (Record no. 1697)

MARC details
000 -LEADER
fixed length control field 00808nam a2200265Ia 4500
001 - CONTROL NUMBER
control field 18269
003 - CONTROL NUMBER IDENTIFIER
control field GBCCL
005 - DATE AND TIME OF LATEST TRANSACTION
control field 20241126110407.0
008 - FIXED-LENGTH DATA ELEMENTS--GENERAL INFORMATION
fixed length control field 930115s1992 txu b 001 0 eng d
035 ## - SYSTEM CONTROL NUMBER
System control number (OCoLC)27260478
040 ## - CATALOGING SOURCE
Original cataloging agency BSC
Transcribing agency BSC
Modifying agency LBB
049 ## -
-- LBBK
-- 1
082 ## - DEWEY DECIMAL CLASSIFICATION NUMBER
Classification number 227.106
Item number BES
092 ## - LOCALLY ASSIGNED DEWEY CALL NUMBER (OCLC)
Classification number 227.106
Item number B561c
092 0# - LOCALLY ASSIGNED DEWEY CALL NUMBER (OCLC)
Classification number 227.106
Item number B561, 1992
Edition number 20
100 1# - MAIN ENTRY--PERSONAL NAME
Personal name Best, W. E.
9 (RLIN) 453
245 12 - TITLE STATEMENT
Title A comprehensive view of Romans /
Statement of responsibility, etc. by W. E. Best.
260 ## - PUBLICATION, DISTRIBUTION, ETC.
Place of publication, distribution, etc. Houston, Tex. :
Name of publisher, distributor, etc. South Belt Assembly of Christ,
Date of publication, distribution, etc. c1992.
300 ## - PHYSICAL DESCRIPTION
Extent 167 p. ;
Dimensions 22 cm.
500 ## - GENERAL NOTE
General note Scripture index included.
504 ## - BIBLIOGRAPHY, ETC. NOTE
Bibliography, etc. note Includes bibliographical references (p. 166-167).
505 1# - FORMATTED CONTENTS NOTE
Formatted contents note Vol. 1 - Romans 1-3:20.
630 00 - SUBJECT ADDED ENTRY--UNIFORM TITLE
Uniform title Bible.
Name of part/section of a work N.T.
-- Romans
General subdivision Criticism, interpretation, etc.
9 (RLIN) 3484
942 ## - ADDED ENTRY ELEMENTS (KOHA)
Source of classification or shelving scheme Dewey Decimal Classification
Koha item type Books
Holdings
Withdrawn status Lost status Source of classification or shelving scheme Damaged status Not for loan Home library Current Library Shelving location Date acquired Total checkouts Full call number Barcode Date last seen Copy number Price effective from Koha item type Date last checked out
    Dewey Decimal Classification     GRACE BIBLE COLLEGE GRACE BIBLE COLLEGE Biblical Studies 2017-05-15   227.106 BES 011219 2025-05-01 v.1 c.3 2017-05-15 Books  
    Dewey Decimal Classification     GRACE BIBLE COLLEGE GRACE BIBLE COLLEGE Biblical Studies 2017-05-15   227.106 BES 011218 2025-05-01 v.1 c.2 2017-05-15 Books  
    Dewey Decimal Classification     GRACE BIBLE COLLEGE GRACE BIBLE COLLEGE Biblical Studies 2017-05-15   227.106 BES 011217 2025-05-01 v.1 c.1 2017-05-15 Books  
    Dewey Decimal Classification     GRACE BIBLE COLLEGE GRACE BIBLE COLLEGE Biblical Studies 2023-01-23 1 227.106 BES 020434 2025-05-01 v.1 c.4 2023-01-23 Books 2025-02-28
© Grace Bible College Library 2025